Paesi con 2 o più premi Nobel per la letteratura - Statistics

Statistiche generali
  • Questo quiz è stato fatto 265 volte
    232 dall'ultimo reset
  • Il punteggio medio è 15 su 19
Statistiche sulle risposte
Numero di Nobel Paesi % Corretto
6 Italia
100%
16 Francia
99%
8 Germania
98%
11 Stati Uniti
97%
4 Russia / Unione Sovietica
95%
6 Spagna
95%
10 Regno Unito
94%
2 Cina
91%
2 Giappone
88%
8 Svezia
88%
3 Norvegia
79%
2 Austria
76%
6 Polonia
76%
2 Grecia
75%
2 Svizzera
75%
3 Danimarca
63%
4 Irlanda
61%
2 Cile
45%
2 Sudafrica
43%
Nessun quiz corrispondente trovato
Distribuzione punteggi
Percentuale di utenti per punteggio
Percentile per numero di risposta
I tuoi punteggi nel tempo
Non hai fatto questo quiz dall'ultimo reset